Faculty of Law Library — Cairo University

Official Online Catalog

Die Diplomatischen Akten Des Auswärtigen Amtes 1871 -1914 : (Record no. 52520)

MARC details
000 -LEADER
fixed length control field 01197nam a2200313 i 4500
003 - CONTROL NUMBER IDENTIFIER
control field EG-GICUC
005 - DATE AND TIME OF LATEST TRANSACTION
control field 20260121101538.0
008 - FIXED-LENGTH DATA ELEMENTS--GENERAL INFORMATION
fixed length control field 251225s1927 -ge||||fr|||| 00| 0 ger d
040 ## - CATALOGING SOURCE
Original cataloging agency EG-GiCUC
Language of cataloging ger
Transcribing agency EG-GiCUC
Modifying agency EG-GiCUC
Description conventions rda
041 ## - LANGUAGE CODE
Language code of text/sound track or separate title ger
082 04 - DEWEY DECIMAL CLASSIFICATION NUMBER
Edition number 21
Classification number 341.33040
Item number SC . D
092 04 - LOCALLY ASSIGNED DEWEY CALL NUMBER (OCLC)
Edition number 21
099 ## - LOCAL FREE-TEXT CALL NUMBER (OCLC)
Classification number Law1 11 341.33040 SC . D 1927
100 1# - MAIN ENTRY--PERSONAL NAME
Personal name Schwertfeger, Bernhard
Relator term Author.
245 14 - TITLE STATEMENT
Title Die Diplomatischen Akten Des Auswärtigen Amtes 1871 -1914 :
Remainder of title Ein Wegweiser Durch Das Große Aktenwerk Der Deutschen Regierung.
Number of part/section of a work Fünfter Teil, 3. Abteilung,
Name of part/section of a work Europa Vor Der Katastrophe /
Statement of responsibility, etc. Bernhard Schwertfeger.
246 10 - VARYING FORM OF TITLE
Remainder of title Europa vor der Katastrophe 1912 - 1914
264 #1 - PRODUCTION, PUBLICATION, DISTRIBUTION, MANUFACTURE, AND COPYRIGHT NOTICE
Place of production, publication, distribution, manufacture Berlin :
Name of producer, publisher, distributor, manufacturer Deutsche Verlagsgesellschaft für Politik und Geschichte,
Date of production, publication, distribution, manufacture, or copyright notice 1927.
300 ## - PHYSICAL DESCRIPTION
Extent 282 pages ;
Dimensions 24 cm.
336 ## - CONTENT TYPE
Source rda content
Content type term text
337 ## - MEDIA TYPE
Source rda media
Media type term Computer
338 ## - CARRIER TYPE
Source rda carrier
Carrier type term Online Resource
504 ## - BIBLIOGRAPHY, ETC. NOTE
Bibliography, etc. note Bibliographische Hinweise
546 ## - LANGUAGE NOTE
Language note Text in German
650 14 - SUBJECT ADDED ENTRY--TOPICAL TERM
Topical term or geographic name entry element Diplomatie
General subdivision Öffentliches Völkerrecht
Geographic subdivision Europe
Source of heading or term qrmak
651 1# - SUBJECT ADDED ENTRY--GEOGRAPHIC NAME
Source of heading or term qrmak
856 40 - ELECTRONIC LOCATION AND ACCESS
Uniform Resource Identifier <a href="https://fll.law.cu.edu.eg/fulltext/bks/B11-06030.pdf">https://fll.law.cu.edu.eg/fulltext/bks/B11-06030.pdf</a>
905 ## - Cataloger and Reviser Names
Cataloger Name: Rawan khaled
942 ## - ADDED ENTRY ELEMENTS (KOHA)
Source of classification or shelving scheme Dewey Decimal Classification
Koha item type Books
Edition 21
Suppress in OPAC No
Holdings
Withdrawn status Lost status Source of classification or shelving scheme Materials specified (bound volume or other part) Damaged status Not for loan Collection Home library Current library Date acquired Total checkouts Full call number Barcode Date last seen Copy number Price effective from Koha item type
    Dewey Decimal Classification V5   Not for loan القانون الدولي العام جــــامعة القــاهرة مكتبة كلية الحقوق - المبنى الرئيسي 25.12.2025   Law1 11 341.33040 SC . D 1927 1106030 V5, P3, C1 B11-06030 25.12.2025 1 25.12.2025 Books

© All rights reserved — Faculty of Law, Cairo University